000
00186 a2200097 4500
020
_a
0439756634
041
_a
eng
100
_a
Ann,Whitfrd ,paul
245
_a
Maąna Iguana
942
_c
BK
999
_c
31745
_d
31743